Statystyki dla Pseudonimy zawodników fame mma

Kliknij tutaj aby rozwiązać quiz!

Ogólne statystyki

  • Ten quiz został rozwiązany 1 040 razy
  • Średni wynik to 16 z 20

Statystyki odpowiedzi

HintOdpowiedź% Poprawnych
Michał BaronBoxdel
97%
Amadeusz RoślikFerrari
97%
Adrian PolańskiPolak
97%
Maksymilian WiewiórkaWiewiór
97%
Kasjusz ŻycińskiDon kasjo
95%
Dawid AmbroziakAmbro
92%
Alan KwiecińskiAlanik
89%
Szymon KasprzykIsamu
87%
Gabriel Al SulwiArab
86%
Piotr PiechowiakBestia
85%
Paweł TyburskiTybori
83%
Mariusz SłońskiHejter
80%
Jakub FlasKubańczyk
76%
Arkadiusz TańculaAroy
71%
Patryk KaraśRyba
63%
Mateusz GąsiewskiHaribo
60%
Paweł SikoraPonczek
58%
Cyprian RacickiCypis
56%
Jakub PostaremczakKuba post
51%
Kamil StępińskiKasti
44%

Rozkład punktacji

Percentyl według liczby udzielonych odpowiedzi

Procent ludzi z każdym wynikiem

Twoja historia wyników

Nie rozwiązałeś tego quizu